Score 0/26 Timer 03:00
3 Plays Today
Hint 5-Letter Word % Correct
Cha-_____ , cash register soundCHING
90.1%
US president UlyssesGRANT
87.4%
Cattle markingBRAND
81.9%
To hold onto tightlyCLING
76.8%
Mild or dullBLAND
76.2%
Barbaric utteranceGRUNT
75.8%
A small fissure or weaknessCHINK
72.5%
Empty line for filling inBLANK
72.4%
Arctic gooseBRANT
70.7%
Violent collisionCRASH
70.2%
Slang for a prisonCLINK
69.4%
Throw vigorouslyFLING
66.1%
Material used for Stone Age toolsFLINT
63.8%
Hint 5-Letter Word % Correct
An absence of lightBLACK
60.3%
A metallic ringing soundCLANK
59%
Thin and bonyGAUNT
57%
Taxonomic rank below phylumCLASS
56%
Press with force*CRUSH*
53.3%
UnstretchedSLACK
53.1%
Cool, smooth and slySLICK
52.1%
'London Calling' bandCLASH
51.3%
A section taken from a larger item*SLICE*
50.5%
Mock or goad into aggressionTAUNT
49.3%
Families in ScotlandCLANS
43.7%
Lacking brightnessFAINT
40.9%
Trace of bad qualityTAINT
40.5%

Today's Daily Dose

Missing Word
I Hardly Know Her!

Word Ladder
Sentence Ending

Quick Pick
Female Firsts

Get the Picture
Triathlon Sports

Remove Ads.
Support Sporcle.
Get the best of Sporcle when you Go Orange. This ad-free experience offers more features, more stats, and more fun while also helping to support Sporcle. Thank you for becoming a member.

You're not logged in!

Compare scores with friends on all Sporcle quizzes.
OR
Log In

Show Comments

Extras

Top Quizzes Today


Score Distribution

Your Account Isn't Verified!

In order to create a playlist on Sporcle, you need to verify the email address you used during registration. Go to your Sporcle Settings to finish the process.

Report this User

Report this user for behavior that violates our Community Guidelines.

Details: